000 00540nam a2200229Ia 4500
003 OSt
005 20220924142432.0
006 a|||||r|||| 00| 0
007 ta
008 220923b |||||||| |||| 00| 0 ben d
024 _a301901
037 _cTextual
040 _aARTS
_cARTS
_bben
041 _2ben
_aben
082 _aY1:1.58, 157K3
100 _aGhosh
_9104906
245 0 _aMoscow chiti
260 _c1963
650 _aSOCIOLOGY
942 _hY1:1.58, 157K3
_cTEXL
_2CC
999 _c450711
_d450711